Statistics for Indiana Pacers 2017-18 Roster

Click here to take the quiz!

General Stats

  • This quiz has been taken 64 times
  • The average score is 10 of 17

Answer Stats

NbrPostPlayer% Correct
33CenterMyles Turner
96%
4GuardVictor Oladipo
94%
11Center-ForwardDomantas Sabonis
92%
2GuardDarren Collison
85%
21ForwardThaddeus Young
79%
44ForwardBojan Bogdanovic
77%
3GuardJoe Young
77%
6GuardCory Joseph
58%
-Head CoachNate McMillan
56%
1GuardLance Stephenson
56%
25CenterAl Jefferson
52%
22ForwardTJ Leaf
52%
40Guard-ForwardGlenn Robinson III
48%
13CenterIke Anigbogu
27%
0ForwardAlex Poythress
25%
12Guard-ForwardDamien Wilkins
15%
5GuardEdmond Summer
10%

Score Distribution

Percentile by Number Answered

Percent of People with Each Score

Your Score History

You have not taken this quiz